<?xml version="1.0" encoding="UTF-8"?><?xml-stylesheet type="text/xsl" href="static/style.xsl"?><OAI-PMH xmlns="http://www.openarchives.org/OAI/2.0/" xmlns:xsi="http://www.w3.org/2001/XMLSchema-instance" xsi:schemaLocation="http://www.openarchives.org/OAI/2.0/ http://www.openarchives.org/OAI/2.0/OAI-PMH.xsd"><responseDate>2026-04-27T21:25:00Z</responseDate><request verb="GetRecord" identifier="oai:uvadoc.uva.es:10324/14558" metadataPrefix="marc">https://uvadoc.uva.es/oai/request</request><GetRecord><record><header><identifier>oai:uvadoc.uva.es:10324/14558</identifier><datestamp>2021-06-29T11:28:16Z</datestamp><setSpec>com_10324_38</setSpec><setSpec>col_10324_852</setSpec></header><metadata><record xmlns="http://www.loc.gov/MARC21/slim" xmlns:doc="http://www.lyncode.com/xoai" xmlns:xsi="http://www.w3.org/2001/XMLSchema-instance" xmlns:dcterms="http://purl.org/dc/terms/" xsi:schemaLocation="http://www.loc.gov/MARC21/slim http://www.loc.gov/standards/marcxml/schema/MARC21slim.xsd">
<leader>00925njm 22002777a 4500</leader>
<datafield tag="042" ind1=" " ind2=" ">
<subfield code="a">dc</subfield>
</datafield>
<datafield tag="720" ind1=" " ind2=" ">
<subfield code="a">Santamarta Adrián, Ángela</subfield>
<subfield code="e">author</subfield>
</datafield>
<datafield tag="260" ind1=" " ind2=" ">
<subfield code="c">2015</subfield>
</datafield>
<datafield tag="520" ind1=" " ind2=" ">
<subfield code="a">En el presente Trabajo de Fin de Grado se ha llevado a cabo una investigación respecto a la estadística y la probabilidad en la etapa de Educación Infantil. Se ha partido de una fundamentación teórica basada en la legislación educativa actual y de los estudios de diferentes didactas especialistas en el tema. A través de esta investigación se ha planificado, diseñado y ejecutado una propuesta de intervención educativa consistente en la realización de dos actividades en los tres niveles de Educación Infantil. Esta propuesta de intervención se ha desarrollado en un contexto real, para poder sacar las conclusiones pertinentes relativas a las reacciones que presentan los alumnos en edades tempranas respecto a estas ramas de la Matemáticas. Además será evaluada para la realización de posibles propuestas de mejora.</subfield>
</datafield>
<datafield tag="024" ind2=" " ind1="8">
<subfield code="a">http://uvadoc.uva.es/handle/10324/14558</subfield>
</datafield>
<datafield ind1=" " ind2=" " tag="653">
<subfield code="a">[pendiente de asignar]</subfield>
</datafield>
<datafield tag="245" ind1="0" ind2="0">
<subfield code="a">Introducción de la estadística y la probabilidad en la etapa de Educación Infantil</subfield>
</datafield>
</record></metadata></record></GetRecord></OAI-PMH>